<?xml version="1.0" encoding="UTF-8"?><?xml-stylesheet type="text/xsl" href="static/style.xsl"?><OAI-PMH xmlns="http://www.openarchives.org/OAI/2.0/" xmlns:xsi="http://www.w3.org/2001/XMLSchema-instance" xsi:schemaLocation="http://www.openarchives.org/OAI/2.0/ http://www.openarchives.org/OAI/2.0/OAI-PMH.xsd"><responseDate>2026-04-28T20:53:47Z</responseDate><request verb="GetRecord" identifier="oai:uvadoc.uva.es:10324/3602" metadataPrefix="marc">https://uvadoc.uva.es/oai/request</request><GetRecord><record><header><identifier>oai:uvadoc.uva.es:10324/3602</identifier><datestamp>2021-06-23T16:52:28Z</datestamp><setSpec>com_10324_30605</setSpec><setSpec>com_10324_894</setSpec><setSpec>col_10324_41</setSpec></header><metadata><record xmlns="http://www.loc.gov/MARC21/slim" xmlns:doc="http://www.lyncode.com/xoai" xmlns:xsi="http://www.w3.org/2001/XMLSchema-instance" xmlns:dcterms="http://purl.org/dc/terms/" xsi:schemaLocation="http://www.loc.gov/MARC21/slim http://www.loc.gov/standards/marcxml/schema/MARC21slim.xsd">
<leader>00925njm 22002777a 4500</leader>
<datafield tag="042" ind1=" " ind2=" ">
<subfield code="a">dc</subfield>
</datafield>
<datafield tag="720" ind1=" " ind2=" ">
<subfield code="a">Frutos Marín, Rosa María de</subfield>
<subfield code="e">author</subfield>
</datafield>
<datafield tag="260" ind1=" " ind2=" ">
<subfield code="c">2013</subfield>
</datafield>
<datafield tag="520" ind1=" " ind2=" ">
<subfield code="a">La tesis tiene como objetivo el estudio sistemático de la Conjetura de Casas-Alvero, formulada en 2001 y cuya&#xd;
dificultad ha sido puesta de relieve en el número 80 de la Newsletter EMS de 2011.&#xd;
La tesis trata de manera unificada los resultados parciales existentes en la literatura sobre el problema, y aporta&#xd;
nuevos métodos, resultados originales y comprensión de la Conjetura, demostrando para ella que:&#xd;
1) Es equivalente a un problema puramente aritmético.&#xd;
2) Es equivalente a otras conjeturas sobre preservación de hipótesis.&#xd;
3) Existe para ella una formulación bien definida módulo números primos, que reduce su verificación a la&#xd;
búsqueda de primos adecuados.&#xd;
4) Es cierta para multitud de enteros n con a lo más tres divisores primos, pero tratar cualquier entero con&#xd;
cuatro o más divisores está aún lejos del alcance.&#xd;
5) La computación permite experimentar, pero sus métodos son inoperantes para la verificación de la&#xd;
Conjetura.&#xd;
Valladolid, 26</subfield>
</datafield>
<datafield tag="024" ind2=" " ind1="8">
<subfield code="a">http://uvadoc.uva.es/handle/10324/3602</subfield>
</datafield>
<datafield tag="024" ind2=" " ind1="8">
<subfield code="a">b1659954</subfield>
</datafield>
<datafield tag="024" ind2=" " ind1="8">
<subfield code="a">10.35376/10324/3602</subfield>
</datafield>
<datafield ind1=" " ind2=" " tag="653">
<subfield code="a">Aritmética</subfield>
</datafield>
<datafield ind1=" " ind2=" " tag="653">
<subfield code="a">Polinomios</subfield>
</datafield>
<datafield ind1=" " ind2=" " tag="653">
<subfield code="a">Casas Alvero, Eduardo</subfield>
</datafield>
<datafield tag="245" ind1="0" ind2="0">
<subfield code="a">Perspectivas aritméticas para la Conjetura de Casas-Alvero</subfield>
</datafield>
</record></metadata></record></GetRecord></OAI-PMH>